| 000 | 00700nam a22002417a 4500 | ||
|---|---|---|---|
| 001 | 7095 | ||
| 003 | FISKH | ||
| 005 | 20250620155129.0 | ||
| 008 | 250620b cb ||||| |||| 00| 0 eng d | ||
| 020 | _a9780062086945 | ||
| 040 |
_aFISKH _beng _cFISKH _dFISKH |
||
| 050 | _aPZ7.P361 W | ||
| 082 | _a741.5 | ||
| 100 | _aPeirce, Lincoln | ||
| 245 |
_aBig nate : _bWhat could possibly go wrong ? / _cBy Lincoln Peirce |
||
| 260 |
_aNew York : _bHarperCollins , _c2012. |
||
| 300 |
_a96 pages : _billustrations ; _c23 cm. |
||
| 490 | _aBig nate | ||
| 520 | _aNate has a master plan. But will Mrs. Godfrey catch him in the act? | ||
| 650 |
_aBig Nate _vComic |
||
| 942 |
_2ddc _cBK _n0 |
||
| 999 |
_c7095 _d7095 |
||